|
|
|
|
| LEADER |
00000nam a2200000 i 4500 |
| 005 |
20120210101242.0 |
| 007 |
cr|||| |||| |
| 008 |
091014s2008 sp 000 0 spa d |
| 017 |
|
|
|a D.L.AB.550-2008
|
| 020 |
|
|
|a 9788496721579
|
| 035 |
|
|
|a 5798
|
| 040 |
|
|
|a SpMaUCDE.
|d ES-VaUB
|d vLex
|
| 080 |
|
|
|a 349.3(460):331.5-058.5
|
| 090 |
|
|
|c 2985
|d 2985
|
| 245 |
0 |
0 |
|a Empleo y exclusin̤ social
|h [Recurso electrn̤ico] :
|b rentas mn̕imas y otros mecanismos de insercin̤ sociolaboral /
|c Mara̕ Belň Cardona Rubert (coordinadora) ; Rafael Aliena Miralles... [et al.]
|
| 256 |
|
|
|a Servicio en ln̕ea
|
| 260 |
|
|
|a Albacete :
|b Bomarzo,
|c 2008
|
| 300 |
|
|
|a 1 recurso electrn̤ico
|
| 490 |
1 |
|
|a Estudios
|
| 504 |
|
|
|a Bibliografa̕
|
| 506 |
1 |
|
|a Contenido solo disponible en los productos indicados
|d vLex Global
|d vLex Global (Academic Edition, excluding Law Schools)
|d vLex Global (U.S. Academic Edition, Law Schools)
|d vLex Global (U.S. Academic Edition, excluding Law Schools)
|d vLex Global (Academic Edition, Law Schools)
|
| 650 |
|
4 |
|a Renta mn̕ima
|
| 650 |
|
4 |
|a Integracin̤ social
|
| 650 |
|
4 |
|a Insercin̤ laboral
|z Espaą
|
| 650 |
|
4 |
|a Seguridad social
|x Derecho y legislacin̤
|z Espaą
|
| 700 |
1 |
|
|a Aliena Miralles, Rafael
|
| 700 |
1 |
|
|a Cardona Rubert, Mara̕ Belň,
|e ed. lit
|
| 740 |
0 |
|
|a vLex Libros (Servicio en ln̕ea)
|
| 830 |
|
0 |
|a Estudios (Bomarzo)
|
| 856 |
4 |
0 |
|u http://vlex.com/source/empleo-exclusion-social-rentas-minimas-otros-mecanismos-insercion-sociolaboral-5798
|z Acceso restringido
|
| 942 |
|
|
|c BOOK
|
| 999 |
0 |
|
|a Income maintenance programs
|
| 999 |
0 |
|
|a Social integration
|
| 999 |
0 |
|
|a Social security
|
| 999 |
0 |
|
|a Labor laws and legislation
|